[Event "OLNW 2122 HSK Lister Turm - SV Hellern"]
[Site "?"]
[Date "2022.04.03"]
[Round "8.7"]
[White "Suendorf, Dominik"]
[Black "Gentemann, Moritz"]
[Result "0-1"]
[WhiteElo "1796"]
[BlackElo "2179"]
[PlyCount "106"]
[EventDate "2022.??.??"]

1. e4 c5 2. Nf3 d6 3. d4 cxd4 4. Nxd4 Nf6 5. Nc3 a6 6. Bd3 e5 7. Nb3 Be6 8. Be2
Be7 9. O-O O-O 10. f4 exf4 11. Bxf4 Nc6 12. Qe1 Ne5 13. Kh1 Ng6 14. Bg3 Rc8 15.
Rd1 Qb6 16. Bf2 Qc7 17. Nd4 Rfe8 18. Be3 b5 19. Bd3 Ng4 20. Bg1 N4e5 21. Nf5
Nxd3 22. cxd3 Bf6 23. Rc1 Qd7 24. Qd2 Kh8 25. b3 Ne7 26. Nd4 d5 27. Nf3 Bxc3
28. Rxc3 dxe4 29. Rxc8 Rxc8 30. Ne5 Qd5 31. Qf4 f6 32. Ng4 Ng6 33. dxe4 Qd7 34.
Nxf6 gxf6 35. Qxf6+ Kg8 36. Qg5 Qe7 37. Rf6 Re8 38. Bc5 Qg7 39. e5 Bf7 40. h4
Rxe5 41. Rf5 Rxf5 42. Qxf5 Qe5 43. Qc8+ Kg7 44. Bb4 Qf4 45. Bc3+ Kh6 46. h5
Kxh5 47. Qc5+ Qg5 48. Qc7 Qc1+ 49. Kh2 Qf4+ 50. Qxf4 Nxf4 51. g3 Ne2 52. Bb2
Kg4 53. Be5 Nc1 0-1

[Event "OLNW 2122 SK Nordhorn Blanke - SVG Salz"]
[Site "?"]
[Date "2022.04.03"]
[Round "8.1"]
[White "Riemay, David"]
[Black "Kroeze, Frank"]
[Result "0-1"]
[WhiteElo "2167"]
[BlackElo "2386"]
[PlyCount "50"]
[EventDate "2022.??.??"]

1. e4 c5 2. d4 cxd4 3. c3 dxc3 4. Nxc3 e6 5. Nf3 a6 6. Bc4 b5 7. Bb3 Bb7 8. O-O
b4 9. Nd5 exd5 10. exd5 Bd6 11. Qd4 Qf6 12. Re1+ Ne7 13. Qe4 h6 14. Bc2 Kf8 15.
Bb3 a5 16. Be3 a4 17. Bc4 Na6 18. Bd4 Qf5 19. Qe2 Nc7 20. Ne5 Ncxd5 21. Bxd5
Bxd5 22. Rad1 Kg8 23. Rd3 Bxe5 24. Qxe5 Qxe5 25. Rxe5 Be6 0-1

[Event "OLNW 2122 SK Nordhorn Blanke - SVG Salz"]
[Site "?"]
[Date "2022.04.03"]
[Round "8.2"]
[White "Ten Vergert, Paul"]
[Black "Cevik, Dietmar"]
[Result "0-1"]
[WhiteElo "2218"]
[BlackElo "2197"]
[PlyCount "60"]
[EventDate "2022.??.??"]

1. e4 d6 2. d4 Nf6 3. Nc3 c6 4. f3 Qc7 5. Be3 e5 6. Qd2 Be7 7. O-O-O b5 8. g4
a6 9. g5 Nfd7 10. h4 Nb6 11. h5 N8d7 12. g6 hxg6 13. Qg2 gxh5 14. dxe5 Nxe5 15.
Qxg7 Rf8 16. Rxh5 b4 17. Nb1 Be6 18. f4 Ng4 19. Bxb6 Qxb6 20. f5 Qxg1 21. fxe6
Bf6 22. Qh7 Qe3+ 23. Nd2 Nf2 24. Bc4 Bxb2+ 25. Kxb2 Qa3+ 26. Kb1 Nxd1 27. exf7+
Kd8 28. Qg7 Nc3+ 29. Ka1 Qc1+ 30. Nb1 Qxb1# 0-1

[Event "OLNW 2122 SK Nordhorn Blanke - SVG Salz"]
[Site "?"]
[Date "2022.04.03"]
[Round "8.3"]
[White "Lau, Udo"]
[Black "Stotyn, Fabian"]
[Result "0-1"]
[WhiteElo "2138"]
[BlackElo "2187"]
[PlyCount "72"]
[EventDate "2022.??.??"]

1. d4 Nf6 2. Nf3 d5 3. e3 c5 4. Be2 Nc6 5. O-O Bg4 6. b3 Bxf3 7. Bxf3 cxd4 8.
exd4 e6 9. Bb2 Bd6 10. Re1 O-O 11. Nd2 Qc7 12. Nf1 b5 13. a4 b4 14. Qd3 Rfc8
15. Re2 Rab8 16. Rd1 Rb6 17. g3 Ne7 18. Ne3 g6 19. Bg2 Rc6 20. Rdd2 Qb7 21. h3
a6 22. Rd1 Nf5 23. Ng4 Nd7 24. Rc1 Bf8 25. Ne3 Nxe3 26. fxe3 f5 27. Rf1 Qc7 28.
g4 Nf6 29. gxf5 exf5 30. Rff2 Ne4 31. Rf4 Bd6 32. Rf1 Bh2+ 33. Kh1 Ng3+ 34.
Kxh2 Nxe2+ 35. Kh1 Ng3+ 36. Kg1 Ne4 0-1

[Event "OLNW 2122 SK Nordhorn Blanke - SVG Salz"]
[Site "?"]
[Date "2022.04.03"]
[Round "8.4"]
[White "Oehne, Timo"]
[Black "Lau, Siegfried"]
[Result "1-0"]
[WhiteElo "2100"]
[BlackElo "1986"]
[PlyCount "71"]
[EventDate "2022.??.??"]

1. d4 d5 2. Nf3 Nf6 3. g3 Bf5 4. Bg2 c6 5. O-O e6 6. c4 Bxb1 7. Rxb1 Be7 8. Qc2
O-O 9. b4 dxc4 10. Qxc4 Nbd7 11. b5 c5 12. dxc5 Bxc5 13. Bb2 Rc8 14. Qh4 h6 15.
Ne5 Qc7 16. Nxd7 Nxd7 17. Qg4 e5 18. Qe4 b6 19. Rfd1 Rcd8 20. Qc6 Qxc6 21. bxc6
Nf6 22. Rxd8 Rxd8 23. c7 Rc8 24. Bxe5 Ne8 25. Bb7 Rxc7 26. Bxc7 Nxc7 27. Rd1
Nb5 28. Rd8+ Kh7 29. Be4+ g6 30. Bd5 f5 31. Bc4 Nd6 32. Ba6 b5 33. Bxb5 Kg7 34.
Bd3 Kf6 35. e3 g5 36. Kf1 1-0

[Event "OLNW 2122 SK Nordhorn Blanke - SVG Salz"]
[Site "?"]
[Date "2022.04.03"]
[Round "8.5"]
[White "Koenig, Sebastian"]
[Black "Bierenbroodspot, Paul"]
[Result "0-1"]
[WhiteElo "2079"]
[BlackElo "2078"]
[PlyCount "115"]
[EventDate "2022.??.??"]

1. d4 d5 2. c4 e6 3. g3 c6 4. Bg2 Bd6 5. Nf3 f5 6. b3 Qe7 7. Bb2 Nf6 8. Nbd2 a5
9. O-O O-O 10. Ne5 b6 11. Rc1 Bb7 12. Qc2 Ne4 13. Ndf3 Rc8 14. cxd5 exd5 15.
Nh4 g6 16. f3 Nf6 17. e4 c5 18. exf5 g5 19. Nhg6 hxg6 20. Qd2 Nbd7 21. Qxg5 Qg7
22. fxg6 cxd4 23. Nf7 Bf8 24. Nh6+ Qxh6 25. Qf5 Qe3+ 26. Kh1 Qe5 27. Qd3 Ba6
28. f4 Bxd3 29. fxe5 Bxf1 30. Rxf1 Ne4 31. Bxd4 Ndc5 32. Rf6 Re8 33. Rxb6 Bg7
34. Bxc5 Rac8 35. Be3 Bxe5 36. Bh3 Rc7 37. Be6+ Kg7 38. Bf7 Rd8 39. Rb5 Nf6 40.
Rxa5 Bc3 41. Ra6 d4 42. Bf4 d3 43. Bc4 d2 44. Be2 d1=Q+ 45. Bxd1 Rxd1+ 46. Kg2
Re7 47. Rc6 Bd4 48. Rc2 Kxg6 49. b4 Rde1 50. Rc4 R7e2+ 51. Kh3 Bg1 52. g4 Bxh2
53. Bxh2 Rh1 54. a4 Rhxh2+ 55. Kg3 Rhg2+ 56. Kf3 Rgf2+ 57. Kg3 Ne4+ 58. Kh4 0-1

[Event "OLNW 2122 SK Nordhorn Blanke - SVG Salz"]
[Site "?"]
[Date "2022.04.03"]
[Round "8.6"]
[White "Hoellmann, Ludger"]
[Black "Othmer, Michael"]
[Result "0-1"]
[WhiteElo "2111"]
[BlackElo "1972"]
[PlyCount "118"]
[EventDate "2022.??.??"]

1. Nf3 g6 2. g3 Bg7 3. d4 d6 4. Bg2 Nc6 5. O-O e5 6. dxe5 dxe5 7. Nc3 Bg4 8. e4
Be6 9. Nd5 Nge7 10. Ng5 Bd7 11. Be3 f6 12. Nf3 O-O 13. Bc5 Rf7 14. Qe2 b6 15.
Be3 Bg4 16. Qc4 Nxd5 17. exd5 Bxf3 18. Bxf3 Na5 19. Qa6 Qc8 20. Be2 Nb7 21.
Rad1 Nd6 22. Qa4 f5 23. Ba6 Qe8 24. Qxe8+ Rxe8 25. c3 f4 26. Bc1 g5 27. Rfe1 e4
28. Be2 f3 29. Bf1 g4 30. Bd2 Rf5 31. Bf4 Be5 32. Be3 Kf7 33. Rd2 h5 34. h4 b5
35. Bc5 a6 36. a4 bxa4 37. Bxa6 Rf6 38. Bf1 Nb7 39. Be3 a3 40. Rb1 a2 41. Ra1
Ra8 42. Bc4 Nd6 43. Rxa2 Nxc4 44. Rxa8 Nxe3 45. fxe3 Bxg3 46. Ra4 Bxh4 47. Rxe4
f2+ 48. Kf1 g3 49. Rf4 Rxf4 50. exf4 Be7 51. Rd3 h4 52. Rf3 Kf6 53. f5 Kg5 54.
f6 Bxf6 55. Kg2 Be5 56. Kh3 Bf4 57. c4 Kf5 58. c5 Ke4 59. Kg4 Be5 0-1

[Event "OLNW 2122 SK Nordhorn Blanke - SVG Salz"]
[Site "?"]
[Date "2022.04.03"]
[Round "8.7"]
[White "Hesse, Juergen"]
[Black "Plasman, Hans"]
[Result "1/2-1/2"]
[WhiteElo "1864"]
[BlackElo "2037"]
[PlyCount "55"]
[EventDate "2022.??.??"]

1. e4 c5 2. Nc3 Nc6 3. f4 g6 4. Nf3 Bg7 5. Bb5 Nd4 6. Bd3 d6 7. Nxd4 cxd4 8.
Ne2 e5 9. O-O Nf6 10. fxe5 dxe5 11. Bc4 d3 12. Bxd3 O-O 13. Qe1 Be6 14. Kh1 Rc8
15. h3 b5 16. b3 Qb6 17. Bb2 Nd7 18. Qg3 a6 19. c3 Rfd8 20. Rad1 Nb8 21. Bb1
Nc6 22. Qf2 Qxf2 23. Rxf2 Rd7 24. d3 Rcd8 25. g4 b4 26. Rf3 a5 27. Kg2 a4 28.
c4 1/2-1/2

[Event "OLNW 2122 SK Nordhorn Blanke - SVG Salz"]
[Site "?"]
[Date "2022.04.03"]
[Round "8.8"]
[White "Rudi, Jonathan"]
[Black "Koschetzki, Christian"]
[Result "1/2-1/2"]
[WhiteElo "1757"]
[BlackElo "1953"]
[PlyCount "46"]
[EventDate "2022.??.??"]

1. d4 Nf6 2. Nc3 d5 3. Bf4 c5 4. e3 Nc6 5. Nb5 e5 6. dxe5 a6 7. exf6 axb5 8.
Nf3 Qxf6 9. Qc1 b4 10. Bb5 Bd6 11. Bxd6 Qxd6 12. O-O O-O 13. Bxc6 bxc6 14. c4
Bg4 15. Nd2 Be2 16. Re1 Bxc4 17. Nxc4 dxc4 18. Qxc4 Qd5 19. Qb3 g6 20. Kf1 Qe5
21. Kg1 Qd5 22. Kf1 Rfd8 23. Rad1 Qe5 1/2-1/2

[Event "OLNW 2122 SK Lehrte - SK Union Oldenbur"]
[Site "?"]
[Date "2022.04.03"]
[Round "8.1"]
[White "Mueer, Sebastian"]
[Black "Stelmaszyk, Nico"]
[Result "0-1"]
[WhiteElo "2202"]
[BlackElo "2293"]
[PlyCount "86"]
[EventDate "2022.??.??"]

1. d4 d5 2. c4 dxc4 3. e4 b5 4. a4 c6 5. axb5 cxb5 6. Nc3 Qb6 7. Nd5 Qb7 8. Bf4
e5 9. Bxe5 Nd7 10. Bf4 Ngf6 11. Nc7+ Kd8 12. Nxa8 Qxe4+ 13. Ne2 Qxa8 14. Nc3
Bb4 15. f3 Nd5 16. Bd2 Bxc3 17. bxc3 a6 18. Be2 Qc6 19. O-O f5 20. Bg5+ Kc7 21.
Qd2 Qd6 22. f4 Bb7 23. Rae1 N5f6 24. Bxf6 Nxf6 25. Bf3 Be4 26. Bxe4 Nxe4 27.
Qc2 h5 28. Rxe4 fxe4 29. Qxe4 Rd8 30. Qh7 b4 31. Qxg7+ Rd7 32. Qg5 bxc3 33.
Qa5+ Qb6 34. Qe5+ Kc8 35. Qe8+ Rd8 36. Qxh5 Qxd4+ 37. Kh1 Qd3 38. Re1 c2 39.
Qc5+ Kb7 40. Qb4+ Ka8 41. Qa4 Qb3 42. Qc6+ Qb7 43. Qa4 Qb1 0-1

[Event "OLNW 2122 SK Lehrte - SK Union Oldenbur"]
[Site "?"]
[Date "2022.04.03"]
[Round "8.2"]
[White "Schruefer, Guenther"]
[Black "Wittje, Berthold"]
[Result "*"]
[WhiteElo "2177"]
[BlackElo "2229"]
[PlyCount "66"]
[EventDate "2022.??.??"]

1. e4 Nf6 2. e5 Nd5 3. d4 d6 4. Nf3 g6 5. Bc4 Nb6 6. Bb3 Bg7 7. Ng5 O-O 8. Qf3
d5 9. Nc3 c6 10. Qg3 f6 11. Nf3 fxe5 12. dxe5 N8d7 13. Bf4 a5 14. a3 Nc5 15.
Ba2 Nba4 16. Nxa4 Nxa4 17. h4 Qb6 18. h5 Qxb2 19. O-O Nc3 20. Rae1 Qxa2 21.
hxg6 Qxc2 22. gxh7+ Qxh7 23. Ng5 Qh5 24. f3 Nb5 25. Kf2 Nd4 26. Rh1 Qg6 27. Qh4
Ne6 28. Nxe6 Bxe6 29. Bg5 Rf5 30. f4 Raf8 31. Kg1 d4 32. Qg3 c5 33. Rh4 c4 *

[Event "OLNW 2122 SK Lehrte - SK Union Oldenbur"]
[Site "?"]
[Date "2022.04.03"]
[Round "8.3"]
[White "Bredemeier, Dirk"]
[Black "Zschischang, Marine"]
[Result "0-1"]
[WhiteElo "2238"]
[BlackElo "2062"]
[PlyCount "94"]
[EventDate "2022.??.??"]

1. c4 e6 2. g3 d5 3. Nf3 f5 4. Bg2 Nf6 5. O-O Be7 6. Qc2 O-O 7. b3 d4 8. d3 c5
9. e3 dxe3 10. fxe3 Nc6 11. a3 Ng4 12. Nc3 Bf6 13. Rb1 a5 14. Nb5 e5 15. Rd1
Qe7 16. Nc3 Be6 17. Nd5 Qd6 18. h3 Nh6 19. e4 fxe4 20. dxe4 Nd4 21. Nxd4 exd4
22. Nxf6+ Rxf6 23. Bf4 Rxf4 24. gxf4 Qxf4 25. Rf1 Qg5 26. Qc1 Qh5 27. Rf3 Nf7
28. Rg3 Qe5 29. Qe1 Nd6 30. h4 h6 31. Rg6 Nf7 32. Qf2 Kh7 33. Rg3 Nd6 34. Qf3
a4 35. b4 cxb4 36. Rxb4 Bxc4 37. Rb6 Ra6 38. Rxa6 Bxa6 39. Bh3 d3 40. Rg2 Bc4
41. Bf5+ Kg8 42. Qh5 Qd4+ 43. Kh2 Nxf5 44. exf5 d2 45. Qe8+ Kh7 46. Qg6+ Kh8
47. f6 Qxh4+ 0-1

[Event "OLNW 2122 SK Lehrte - SK Union Oldenbur"]
[Site "?"]
[Date "2022.04.03"]
[Round "8.4"]
[White "Zschischang, Gunnar"]
[Black "Meessen, Max"]
[Result "0-1"]
[WhiteElo "2094"]
[BlackElo "2184"]
[PlyCount "74"]
[EventDate "2022.??.??"]

1. d4 Nf6 2. c4 e6 3. Nf3 d5 4. Bg5 Be7 5. Nc3 h6 6. Bh4 O-O 7. e3 b6 8. cxd5
Nxd5 9. Bxe7 Qxe7 10. Nxd5 exd5 11. Rc1 Be6 12. Qa4 c5 13. dxc5 bxc5 14. Qa3
Rc8 15. Bb5 Qb7 16. Be2 Qb6 17. O-O Nd7 18. Rfd1 a5 19. Qc3 a4 20. b3 axb3 21.
axb3 Rcb8 22. Nd2 Qb4 23. Qc2 Ra3 24. Ra1 Rba8 25. Rxa3 Rxa3 26. h3 Qa5 27. Bf3
Ra2 28. Qc1 Ne5 29. Nb1 Nxf3+ 30. gxf3 d4 31. exd4 cxd4 32. Rxd4 Qf5 33. Nc3
Ra5 34. Ne4 Qxf3 35. Ng3 Bxh3 36. Rd8+ Kh7 37. Qc2+ f5 0-1

[Event "OLNW 2122 SK Lehrte - SK Union Oldenbur"]
[Site "?"]
[Date "2022.04.03"]
[Round "8.5"]
[White "Wagner, Jan"]
[Black "Beduerftig, Heinrich"]
[Result "0-1"]
[WhiteElo "2179"]
[BlackElo "2145"]
[PlyCount "82"]
[EventDate "2022.??.??"]

1. Nf3 d5 2. c4 e6 3. g3 Nf6 4. Bg2 Be7 5. O-O O-O 6. b3 b6 7. Bb2 Bb7 8. e3
Nbd7 9. Qe2 c5 10. Nc3 Rc8 11. Nh4 Qc7 12. f4 dxc4 13. bxc4 Bxg2 14. Nxg2 Rfd8
15. g4 a6 16. g5 Ne8 17. h4 Nd6 18. e4 b5 19. d3 bxc4 20. dxc4 Qc6 21. f5 Nb6
22. f6 Bf8 23. fxg7 Bxg7 24. Nd5 exd5 25. Bxg7 Kxg7 26. cxd5 Qc7 27. Nf4 Ne8
28. Nh5+ Kg8 29. Rf5 Ng7 30. Nf6+ Kh8 31. Rf3 Qe5 32. Rd1 Nxd5 33. Rxd5 Rxd5
34. Nxd5 c4 35. Qe3 Ne6 36. Rxf7 c3 37. Nf6 Ng7 38. Nd5 c2 39. Rf1 Nf5 40. Qd2
Qd4+ 41. Qf2 c1=Q 0-1

[Event "OLNW 2122 SK Lehrte - SK Union Oldenbur"]
[Site "?"]
[Date "2022.04.03"]
[Round "8.7"]
[White "Peters, Tom"]
[Black "Tenninger, Marc"]
[Result "1-0"]
[WhiteElo "2059"]
[BlackElo "1833"]
[PlyCount "101"]
[EventDate "2022.??.??"]

1. e4 c6 2. Nc3 d5 3. d4 dxe4 4. Nxe4 Nf6 5. Nxf6+ exf6 6. Nf3 Bd6 7. Bd3 O-O
8. Be3 Re8 9. Qd2 a5 10. O-O-O b5 11. d5 c5 12. Bxb5 Bd7 13. Bxd7 Nxd7 14. Bf4
Ne5 15. Bxe5 fxe5 16. Rhe1 Qc7 17. g3 f6 18. Re4 Reb8 19. Qe2 Rb6 20. Nd2 Rab8
21. Nc4 Rb5 22. f4 exf4 23. Re8+ Bf8 24. d6 Qd7 25. Rxb8 Rxb8 26. gxf4 Rd8 27.
Qe4 Qf7 28. a4 g6 29. Nxa5 Bxd6 30. Kb1 Bc7 31. Rxd8+ Bxd8 32. Qa8 Qd7 33. Nc6
Qd1+ 34. Ka2 Qd5+ 35. b3 Kg7 36. Qa7+ Kh6 37. Nxd8 Qxd8 38. Qxc5 Qd2 39. a5
Qxf4 40. a6 Qe4 41. a7 Qa8 42. Qc7 Qd5 43. Qb8 Qe4 44. a8=Q Qxc2+ 45. Ka3 Qc1+
46. Ka4 Qa1+ 47. Kb5 Qf1+ 48. Kc6 Qf3+ 49. Kd7 Qg4+ 50. Ke7 Qe2+ 51. Kf7 1-0

[Event "OLNW 2122 SK Lehrte - SK Union Oldenbur"]
[Site "?"]
[Date "2022.04.03"]
[Round "8.8"]
[White "Haselhorst, Nils"]
[Black "Heinemann, Ernst"]
[Result "0-1"]
[WhiteElo "1686"]
[BlackElo "2123"]
[PlyCount "72"]
[EventDate "2022.??.??"]

1. e4 c5 2. c3 g6 3. d4 cxd4 4. cxd4 d5 5. exd5 Nf6 6. Nc3 Bg7 7. Bc4 O-O 8.
Nge2 Nbd7 9. d6 exd6 10. O-O Nb6 11. Bd3 Bg4 12. Bg5 d5 13. h3 Bd7 14. Ng3 Bc6
15. h4 Qd6 16. Qf3 Nbd7 17. a3 a6 18. h5 Rfe8 19. Rfe1 Rxe1+ 20. Rxe1 Re8 21.
Rxe8+ Nxe8 22. hxg6 hxg6 23. Qe3 Nf8 24. Bf4 Qe6 25. Be5 f6 26. Bf4 Qxe3 27.
Bxe3 f5 28. Nge2 Nf6 29. f3 Ne6 30. Kf2 Kf7 31. Nf4 Nxf4 32. Bxf4 Nh5 33. Be5
Bxe5 34. dxe5 Ke6 35. Ke3 Kxe5 36. Ne2 Nf4 {Zeitüberschreitung} 0-1

[Event "OLNW 2122 SV Werder Bremen III - Delmen"]
[Site "?"]
[Date "2022.04.03"]
[Round "8.1"]
[White "Korsus, Bernd"]
[Black "Kardoeus, David"]
[Result "1-0"]
[WhiteElo "2283"]
[BlackElo "2144"]
[PlyCount "61"]
[EventDate "2022.??.??"]

1. d4 Nf6 2. c4 g6 3. Nc3 Bg7 4. e4 d6 5. Nf3 O-O 6. Be2 e5 7. O-O Nc6 8. d5
Ne7 9. Ne1 Nd7 10. b4 a5 11. Ba3 axb4 12. Bxb4 f5 13. Nc2 fxe4 14. Nxe4 Nf6 15.
f3 Nf5 16. c5 Nd4 17. cxd6 cxd6 18. a3 Qb6 19. Kh1 Nxe4 20. fxe4 Rxf1+ 21. Bxf1
Bh6 22. Rb1 Nxc2 23. Qxc2 Be3 24. a4 Bd7 25. a5 Qd4 26. Bxd6 Rxa5 27. Qc7 Ra8
28. Qxd7 Qxe4 29. Qe6+ Kg7 30. Bxe5+ Kh6 31. Bg7+ 1-0

[Event "OLNW 2122 SV Werder Bremen III - Delmen"]
[Site "?"]
[Date "2022.04.03"]
[Round "8.2"]
[White "Brinkmann, Fabian"]
[Black "Pahl, Theis"]
[Result "0-1"]
[WhiteElo "2145"]
[BlackElo "2238"]
[PlyCount "80"]
[EventDate "2022.??.??"]

1. e4 c5 2. Nf3 d6 3. d4 cxd4 4. Nxd4 Nf6 5. Nc3 a6 6. Rg1 e5 7. Nb3 h5 8. Bg5
Be7 9. Qd2 Be6 10. O-O-O Nbd7 11. f4 Rc8 12. Bxf6 Nxf6 13. h3 b5 14. Qe1 Qc7
15. Rd2 b4 16. Nd5 Bxd5 17. exd5 O-O 18. Kb1 a5 19. Bb5 a4 20. Bxa4 Qc4 21. Nc1
Qxf4 22. Rf1 Qc4 23. Bb3 Qb5 24. Nd3 Nxd5 25. Nxe5 Nc3+ 26. bxc3 dxe5 27. Rd5
Qa6 28. Rd7 Bf6 29. cxb4 e4 30. Rf5 Qc6 31. Rdd5 Bc3 32. Qe2 g6 33. b5 Qb6 34.
Rf1 Qa5 35. Rd6 Kg7 36. Qxe4 Qa3 37. Rxf7+ Rxf7 38. Rxg6+ Kf8 39. Rg8+ Kxg8 40.
Bxf7+ Kf8 0-1

[Event "OLNW 2122 SV Werder Bremen III - Delmen"]
[Site "?"]
[Date "2022.04.03"]
[Round "8.3"]
[White "Pahl, Erik"]
[Black "Bach, Matthias"]
[Result "0-1"]
[WhiteElo "2162"]
[BlackElo "2226"]
[PlyCount "68"]
[EventDate "2022.??.??"]

1. e4 d6 2. d4 g6 3. Nc3 Bg7 4. f4 Nf6 5. Nf3 c5 6. dxc5 Qa5 7. Bd3 Qxc5 8. Qe2
O-O 9. Be3 Qa5 10. O-O Bg4 11. h3 Bxf3 12. Qxf3 Nc6 13. a3 Nd7 14. Qg4 e6 15.
h4 d5 16. exd5 Nf6 17. Qf3 exd5 18. Bd2 Ne4 19. Bxe4 dxe4 20. Nxe4 Qb6+ 21. Be3
Qxb2 22. f5 Nd4 23. Bxd4 Qxd4+ 24. Kh1 Rae8 25. Rae1 Re5 26. f6 Bh6 27. c3 Qa4
28. Rf2 Rfe8 29. Rfe2 Bf8 30. g3 Bxa3 31. Rh2 Qc6 32. Qf4 Bf8 33. g4 h5 34.
gxh5 Bd6 0-1

[Event "OLNW 2122 SV Werder Bremen III - Delmen"]
[Site "?"]
[Date "2022.04.03"]
[Round "8.4"]
[White "Franke, Reiner"]
[Black "Margraf, Daniel"]
[Result "1/2-1/2"]
[WhiteElo "2228"]
[BlackElo "2241"]
[PlyCount "118"]
[EventDate "2022.??.??"]

1. Nf3 Nf6 2. c4 e6 3. g3 d5 4. Bg2 Bd6 5. d4 O-O 6. O-O b6 7. Nc3 Bb7 8. Ne5
Nbd7 9. cxd5 Nxd5 10. Nc4 Nxc3 11. bxc3 Bxg2 12. Kxg2 b5 13. Nd2 Nb6 14. Qb3
Qd7 15. Rb1 a6 16. Ba3 c5 17. dxc5 Bxc5 18. Bxc5 Qc6+ 19. Ne4 Qxe4+ 20. f3 Qc6
21. Bxf8 Rxf8 22. Rfd1 Nd5 23. Rd3 Qc5 24. e4 Ne3+ 25. Kh1 Nc4 26. Rf1 Ne5 27.
Rd4 h5 28. Qb4 Qc8 29. Qd6 Nc6 30. Rdd1 Na5 31. Qe5 g6 32. Rd3 Nc4 33. Qf6 Nb2
34. Rd2 Nc4 35. Rd4 e5 36. Rd3 Nb2 37. Rd5 Qc4 38. Kg2 Qxc3 39. Qxe5 Qxe5 40.
Rxe5 Nc4 41. Rc5 Ne3+ 42. Kf2 Nxf1 43. Kxf1 Rd8 44. Ke2 Rd4 45. a3 Kg7 46. h4
Ra4 47. Rc3 Kf6 48. Ke3 Ke5 49. Rd3 Ke6 50. Kf4 f6 51. Rc3 Rd4 52. Ke3 Ra4 53.
Kf4 Kd6 54. g4 hxg4 55. fxg4 Ke6 56. Rc6+ Kf7 57. Rc7+ Kg8 58. Rc8+ Kf7 59.
Rc7+ Ke8 1/2-1/2

[Event "OLNW 2122 SV Werder Bremen III - Delmen"]
[Site "?"]
[Date "2022.04.03"]
[Round "8.5"]
[White "Grebener, Soeren"]
[Black "Steffens, Olaf"]
[Result "0-1"]
[WhiteElo "2002"]
[BlackElo "2085"]
[PlyCount "88"]
[EventDate "2022.??.??"]

1. e4 Nc6 2. Nf3 d6 3. Bc4 Nf6 4. Nc3 g6 5. O-O Bg7 6. h3 O-O 7. Re1 e6 8. d3
Na5 9. Bb3 Nxb3 10. axb3 e5 11. Be3 c5 12. Qd2 Nh5 13. g4 Nf6 14. Nh2 Be6 15.
Ne2 Nd7 16. Ng3 f5 17. gxf5 gxf5 18. exf5 Bxf5 19. Nxf5 Rxf5 20. Ra4 h5 21. Qe2
Nb6 22. Ra2 Qh4 23. Qf1 a6 24. Qg2 Qe7 25. b4 Qf7 26. c4 Rf6 27. Kh1 Rg6 28.
Qe4 d5 29. cxd5 Nxd5 30. Ra5 Nf6 31. Qf3 cxb4 32. Rxe5 Rd8 33. Bc5 Qb3 34. Qxb7
Qxd3 35. Qf3 Qc4 36. b3 Qc2 37. Bxb4 Rd3 38. R5e3 Rd5 39. Qe2 Qc6 40. Nf3 Ng4
41. hxg4 hxg4 42. Qc4 gxf3 43. Rxf3 Kh7 44. Qh4+ Rh6 0-1

[Event "OLNW 2122 SV Werder Bremen III - Delmen"]
[Site "?"]
[Date "2022.04.03"]
[Round "8.6"]
[White "Heldt, Nils-Lennart"]
[Black "Meyer, Thorsten"]
[Result "1/2-1/2"]
[WhiteElo "2072"]
[BlackElo "1982"]
[PlyCount "38"]
[EventDate "2022.??.??"]

1. e4 d6 2. d4 Nf6 3. Nc3 g6 4. Be3 Bg7 5. f3 Nbd7 6. Qd2 c6 7. O-O-O Qc7 8.
Kb1 b5 9. Nce2 O-O 10. g4 Nb6 11. Ng3 a6 12. h4 Re8 13. h5 Nfd7 14. hxg6 fxg6
15. Nh3 Nf8 16. Bh6 e5 17. dxe5 dxe5 18. Be3 Be6 19. Ng5 Rad8 1/2-1/2

[Event "OLNW 2122 SV Werder Bremen III - Delmen"]
[Site "?"]
[Date "2022.04.03"]
[Round "8.7"]
[White "Petri, Ben-Luca"]
[Black "Hohlbein, Michael"]
[Result "0-1"]
[WhiteElo "1827"]
[BlackElo "2040"]
[PlyCount "58"]
[EventDate "2022.??.??"]

1. e4 d5 2. exd5 Nf6 3. d4 Bg4 4. Bb5+ Nbd7 5. Be2 Bxe2 6. Qxe2 Nb6 7. c4 e6 8.
Nf3 Bb4+ 9. Nc3 O-O 10. dxe6 Re8 11. exf7+ Kxf7 12. Ne5+ Kg8 13. Be3 c5 14.
O-O-O Bxc3 15. bxc3 Na4 16. Qc2 Qa5 17. Bd2 Re6 18. Rhe1 Rb6 19. d5 Nb2 20.
Qxb2 Rxb2 21. Kxb2 b5 22. Nc6 Qa4 23. Ne7+ Kf7 24. Nf5 bxc4 25. Re7+ Kf8 26.
Bf4 Qxd1 27. Bd6 Qd2+ 28. Ka3 Qxc3+ 29. Ka4 Qb4# 0-1

[Event "OLNW 2122 SV Werder Bremen III - Delmen"]
[Site "?"]
[Date "2022.04.03"]
[Round "8.8"]
[White "Helms, Finn"]
[Black "Alhamid, Mohamad"]
[Result "1-0"]
[WhiteElo "1918"]
[BlackElo "1776"]
[PlyCount "37"]
[EventDate "2022.??.??"]

1. e4 c5 2. Nf3 a6 3. d4 cxd4 4. Nxd4 Nf6 5. Nc3 e5 6. Nb3 Bb4 7. Bd3 d5 8.
exd5 Nxd5 9. O-O Nxc3 10. bxc3 Bxc3 11. Rb1 Nc6 12. Qf3 Be6 13. Qg3 Qd5 14. Ba3
Nd4 15. Nxd4 Bxd4 16. Rfe1 Qd7 17. Be4 Bd5 18. Bxd5 Qxd5 19. c3 1-0

[Event "OLNW 2122 SK Union Oldenburg - SF Hanno"]
[Site "?"]
[Date "2022.05.01"]
[Round "9.1"]
[White "von Mettenheim, Johannes"]
[Black "Mueer, Sebastian"]
[Result "1-0"]
[WhiteElo "2136"]
[BlackElo "2202"]
[PlyCount "61"]
[EventDate "2022.??.??"]

1. d4 Nf6 2. c4 e6 3. Nf3 d5 4. g3 dxc4 5. Bg2 Bb4+ 6. Nbd2 b5 7. a4 c6 8. O-O
Bb7 9. Qc2 Nbd7 10. b3 cxb3 11. Nxb3 a6 12. Rd1 Qb6 13. a5 Qa7 14. Ne5 Nxe5 15.
dxe5 Nd5 16. e4 Ne7 17. Be3 Qb8 18. Bc5 Bxc5 19. Nxc5 Bc8 20. Qd2 O-O 21. Qd6
Ng6 22. f4 Qa7 23. h4 Bb7 24. h5 Rfd8 25. Qxd8+ Rxd8 26. Rxd8+ Nf8 27. Rc1 b4
28. Kh2 Ba8 29. Nd7 Qxd7 30. Rxd7 Nxd7 31. Rd1 1-0

[Event "OLNW 2122 SK Union Oldenburg - SF Hanno"]
[Site "?"]
[Date "2022.05.01"]
[Round "9.2"]
[White "Wittje, Berthold"]
[Black "Ackermann, Dennie"]
[Result "1-0"]
[WhiteElo "2229"]
[BlackElo "2120"]
[PlyCount "109"]
[EventDate "2022.??.??"]

1. Nf3 d5 2. g3 c5 3. Bg2 Nf6 4. O-O e6 5. c4 d4 6. e3 Nc6 7. exd4 cxd4 8. Re1
Bd6 9. d3 h6 10. Na3 O-O 11. Nc2 a5 12. Bd2 e5 13. c5 Bc7 14. b4 axb4 15. Nxb4
Re8 16. a3 Bf5 17. Nh4 Bg4 18. Qb3 Qd7 19. Nd5 Nxd5 20. Qxd5 g5 21. Qxd7 Bxd7
22. Nf3 Ra7 23. h4 g4 24. Nh2 Kg7 25. Rab1 Rea8 26. Rb3 Bc8 27. Bc1 h5 28. Nf1
Ra5 29. Nd2 Rxc5 30. Nc4 Na5 31. Nxa5 Bxa5 32. Rd1 Ra7 33. f4 f6 34. fxe5 fxe5
35. Be4 b5 36. Rf1 Be6 37. Rb2 Bc3 38. Rbf2 Rf7 39. Bh6+ Kg8 40. Rf6 Rxf6 41.
Rxf6 Bf7 42. Rb6 Be8 43. Rb7 Ba5 44. Rg7+ Kh8 45. Ra7 Bc6 46. Rxa5 Bxe4 47.
dxe4 Rc3 48. Kf2 Rc2+ 49. Kf1 Rc3 50. Rxb5 Rxa3 51. Rxe5 Rxg3 52. Rxh5 Rf3+ 53.
Kg2 Rd3 54. Rd5 Kh7 55. Bf4 1-0

[Event "OLNW 2122 SK Union Oldenburg - SF Hanno"]
[Site "?"]
[Date "2022.05.01"]
[Round "9.3"]
[White "Herrmann, Andreas"]
[Black "Bredemeier, Dirk"]
[Result "0-1"]
[WhiteElo "2057"]
[BlackElo "2238"]
[PlyCount "94"]
[EventDate "2022.??.??"]

1. d4 Nf6 2. Nf3 c5 3. c3 b6 4. Bf4 Bb7 5. Nbd2 g6 6. e3 Bg7 7. Be2 O-O 8. O-O
d6 9. h3 Nbd7 10. a4 a6 11. Bh2 Ra7 12. b4 cxb4 13. cxb4 Qa8 14. Qb3 Bd5 15.
Qb2 Rc8 16. Rac1 Rcc7 17. Rxc7 Rxc7 18. Rc1 Rxc1+ 19. Qxc1 Qc6 20. Qxc6 Bxc6
21. b5 axb5 22. axb5 Bb7 23. Bc4 h6 24. Ne1 Kf8 25. Nc2 Nd5 26. Nb1 Ke8 27. Kf1
f5 28. Ke2 e5 29. f3 Ke7 30. Kd3 g5 31. Bxd5 Bxd5 32. Nc3 Bb3 33. Nb4 exd4 34.
exd4 Nf6 35. Bg1 d5 36. h4 Ke6 37. hxg5 hxg5 38. g3 Nh5 39. Bf2 Bf8 40. Nc6
Bc4+ 41. Kd2 Bd6 42. Ne5 Nf6 43. Be3 g4 44. fxg4 fxg4 45. Bf4 Bb4 46. Nxc4 dxc4
47. Kc2 Bxc3 0-1